[Event "4NCL/Div2/NWE2 vs. SWD1"]
[Site "West Bromwich ENG"]
[Date "2005.05.01"]
[Round "10.3"]
[White "van der Linden, Lukas"]
[Black "Dineley, Richard D P"]
[Result "1-0"]
[WhiteElo "2263"]
[BlackElo "2299"]
[PlyCount "87"]
[EventDate "2005.05.01"]
[SourceDate "2004.09.21"]

1. d4 Nf6 2. c4 g6 3. Nc3 d5 4. cxd5 Nxd5 5. e4 Nxc3 6. bxc3 Bg7 7. Be3 c5 8.
Qd2 Qa5 9. Rc1 cxd4 10. cxd4 Nc6 11. Qxa5 Nxa5 12. Nf3 O-O 13. Be2 b6 14. O-O
Bb7 15. d5 Rfc8 16. Nd4 Rxc1 17. Rxc1 Bxd4 18. Bxd4 Rc8 19. Rxc8+ Bxc8 20. Kf1
h5 21. Ke1 Nb7 22. e5 Bd7 23. Kd2 Nd8 24. h4 Kf8 25. f3 Bc8 26. Bc4 Bb7 27. a4
Bc8 28. Kc3 Bd7 29. a5 b5 30. Be2 a6 31. Bb6 Ke8 32. g4 hxg4 33. fxg4 e6 34.
Bxd8 Kxd8 35. d6 Bc6 36. Kb4 Be4 37. h5 gxh5 38. gxh5 Kd7 39. Kc5 b4 40. Kxb4
f6 41. exf6 Kxd6 42. Bxa6 e5 43. Bc4 Kd7 44. h6 1-0

[Event "4NCL/Div2/NWE2 vs. SWD1"]
[Site "West Bromwich ENG"]
[Date "2005.05.01"]
[Round "10.4"]
[White "James, David J"]
[Black "Hulmes, David I"]
[Result "1/2-1/2"]
[WhiteElo "2236"]
[BlackElo "2206"]
[PlyCount "97"]
[EventDate "2005.05.01"]
[SourceDate "2004.09.21"]

1. Nf3 d5 2. d4 Nf6 3. c4 e6 4. Nc3 Be7 5. Bg5 h6 6. Bh4 O-O 7. e3 b6 8. Be2
Bb7 9. Bxf6 Bxf6 10. cxd5 exd5 11. O-O c5 12. dxc5 bxc5 13. Qb3 Bc6 14. Rad1
Bxc3 15. Qxc3 Nd7 16. b4 Rc8 17. bxc5 Ba8 18. Nd4 Rxc5 19. Qd3 Nf6 20. Rc1 Qc7
21. Nb3 Rxc1 22. Rxc1 Qe7 23. Qa6 Ne4 24. Rc8 Rxc8 25. Qxc8+ Qf8 26. Qc7 Qb4
27. Kf1 Qb7 28. Qxb7 Bxb7 29. Bd3 Kf8 30. f3 Nd6 31. Ke2 Ke7 32. Kd2 Ne8 33.
Kc3 Kd6 34. Nd4 Kc5 35. Bb5 Nc7 36. Bd7 g6 37. h4 Ba6 38. g4 Bc4 39. a3 a6 40.
f4 Kd6 41. Ba4 Kc5 42. g5 hxg5 43. hxg5 Bb5 44. Bd1 Be8 45. a4 a5 46. Nb3+ Kb6
47. Nc1 Ne6 48. Nd3 Nc5 49. Nxc5 1/2-1/2

[Event "4NCL/Div2/NWE2 vs. SWD1"]
[Site "West Bromwich ENG"]
[Date "2005.05.01"]
[Round "10.5"]
[White "Ruston, Mark R"]
[Black "Blackburn, Jonathan L B"]
[Result "0-1"]
[WhiteElo "2116"]
[BlackElo "2179"]
[PlyCount "108"]
[EventDate "2005.05.01"]
[SourceDate "2004.09.21"]

1. e4 e6 2. d4 d5 3. Nd2 Be7 4. Bd3 c5 5. dxc5 Nc6 6. Ngf3 Nf6 7. exd5 Qxd5 8.
Nb3 a5 9. a4 e5 10. Bb5 Qxd1+ 11. Kxd1 Bg4 12. h3 Bxf3+ 13. gxf3 O-O-O+ 14. Ke2
Nd4+ 15. Nxd4 Rxd4 16. c3 Rh4 17. c6 b6 18. Bg5 Rh5 19. Be3 Kc7 20. Rad1 Rd8
21. Rxd8 Bxd8 22. f4 Be7 23. fxe5 Rxe5 24. Kd3 Nd5 25. Re1 Bc5 26. Kd2 Bxe3+
27. fxe3 Ne7 28. Rf1 f6 29. b4 Nxc6 30. Rf4 Rd5+ 31. Ke2 Ne5 32. Rd4 Rd6 33.
bxa5 bxa5 34. Rxd6 Kxd6 35. e4 g5 36. Ke3 Kc5 37. Be2 h6 38. Kd2 Nc4+ 39. Kc2
Ne3+ 40. Kd2 Ng2 41. Bf1 Nf4 42. Ke3 h5 43. Kf2 Ng6 44. Be2 h4 45. Bf1 Ne5 46.
Bb5 Nc4 47. Ke2 Nb2 48. Kf3 Nd1 49. c4 Kd4 50. c5 Kxc5 51. e5 fxe5 52. Kg4 Nc3
53. Kxg5 Nxb5 54. Kxh4 Nd4 0-1

[Event "4NCL/Div2/NWE2 vs. SWD1"]
[Site "West Bromwich ENG"]
[Date "2005.05.01"]
[Round "10.6"]
[White "Zeidler, Sven P"]
[Black "Savory, Richard J"]
[Result "1-0"]
[WhiteElo "2190"]
[BlackElo "2104"]
[PlyCount "85"]
[EventDate "2005.05.01"]
[SourceDate "2004.09.21"]

1. e4 c5 2. Nc3 Nc6 3. f4 g6 4. Nf3 Bg7 5. Bb5 Nd4 6. O-O Nxb5 7. Nxb5 d5 8. e5
a6 9. Nc3 Bg4 10. d4 cxd4 11. Qxd4 e6 12. Qb4 b5 13. Be3 Bf8 14. Bc5 Bxc5+ 15.
Qxc5 Rb8 16. Qc6+ Qd7 17. Qxd7+ Kxd7 18. Ng5 Nh6 19. h3 b4 20. Nxd5 exd5 21.
hxg4 Ke7 22. Rfd1 Rhc8 23. Rxd5 Rxc2 24. Rad1 Rb7 25. R5d2 Rbc7 26. Kf2 Nxg4+
27. Ke2 h5 28. Nf3 f6 29. exf6+ Kxf6 30. Rxc2 Rxc2+ 31. Rd2 Rc6 32. Nd4 Rd6 33.
Kd3 g5 34. fxg5+ Kxg5 35. Kc4 Ne3+ 36. Kxb4 Nc2+ 37. Kc5 Rxd4 38. Rxd4 Nxd4 39.
Kxd4 Kf4 40. b4 Kg3 41. a4 h4 42. b5 axb5 43. a5 1-0

[Event "4NCL/Div2/NWE2 vs. SWD1"]
[Site "West Bromwich ENG"]
[Date "2005.05.01"]
[Round "10.7"]
[White "Hanley, James"]
[Black "Rayner, Francis"]
[Result "1/2-1/2"]
[WhiteElo "2067"]
[BlackElo "2200"]
[PlyCount "82"]
[EventDate "2005.05.01"]
[SourceDate "2004.09.21"]

1. e4 c5 2. Nf3 e6 3. d4 cxd4 4. Nxd4 Nc6 5. Nc3 Qc7 6. Be3 a6 7. Bd3 Nf6 8.
O-O b5 9. Nxc6 Qxc6 10. f3 Bc5 11. Qe1 Bb7 12. Qf2 Rc8 13. Rae1 d6 14. Nd1 O-O
15. Qg3 Bxe3+ 16. Nxe3 Qc5 17. Qh4 h6 18. g4 Qg5 19. Qg3 Qe5 20. Qxe5 dxe5 21.
c4 Rfd8 22. Be2 b4 23. Rd1 a5 24. Rxd8+ Rxd8 25. Rd1 Rd4 26. Nc2 Rxd1+ 27. Bxd1
Nd7 28. Ne1 Nc5 29. Kf2 Kf8 30. Ke3 Ke7 31. Bc2 Ba6 32. b3 Kd6 33. Nd3 Nd7 34.
h4 g5 35. h5 f6 36. Kd2 Nb8 37. Bd1 Nc6 38. Kc2 f5 39. Kb2 fxe4 40. fxe4 Bb7
41. a3 Ba6 1/2-1/2

[Event "4NCL/Div2/NWE2 vs. SWD1"]
[Site "West Bromwich ENG"]
[Date "2005.05.01"]
[Round "10.8"]
[White "Smith, Olivia"]
[Black "Milligan, Helen"]
[Result "1-0"]
[WhiteElo "1897"]
[BlackElo "2072"]
[PlyCount "49"]
[EventDate "2005.05.01"]
[SourceDate "2004.09.21"]

1. e4 e5 2. Nf3 Nf6 3. Nxe5 d6 4. Nf3 Nxe4 5. d3 Nf6 6. d4 d5 7. Bf4 Bg4 8. Be2
Be7 9. Nbd2 Nc6 10. c3 O-O 11. O-O Re8 12. Re1 h6 13. h3 Bf5 14. Bb5 Nd7 15.
Nf1 Ncb8 16. Ng3 Bh7 17. Bd3 Nf8 18. Ne5 Bd6 19. Bxh7+ Nxh7 20. Nf5 Nf6 21. Qf3
Bf8 22. Qg3 Ne4 23. Rxe4 dxe4 24. Nxh6+ Kh7 25. Nhxf7 1-0

[Event "4NCL/Div2/BRI2 vs. MIN1"]
[Site "West Bromwich ENG"]
[Date "2005.05.01"]
[Round "10.1"]
[White "Dilleigh, Stephen P"]
[Black "Bellin, Robert"]
[Result "1/2-1/2"]
[WhiteElo "2161"]
[BlackElo "2397"]
[PlyCount "34"]
[EventDate "2005.05.01"]
[SourceDate "2004.09.21"]

1. d4 Nf6 2. c4 e6 3. Nc3 Bb4 4. e3 O-O 5. Bd3 d5 6. Nf3 c5 7. O-O Nc6 8. a3
Bxc3 9. bxc3 Qc7 10. cxd5 exd5 11. Nh4 c4 12. Bb1 Ne4 13. Qc2 Qe7 14. f3 Qxh4
15. fxe4 Qxe4 16. Qxe4 dxe4 17. Bxe4 Na5 1/2-1/2

[Event "4NCL/Div2/BRI2 vs. MIN1"]
[Site "West Bromwich ENG"]
[Date "2005.05.01"]
[Round "10.2"]
[White "Radovanovic, Jovica"]
[Black "Collier, David O"]
[Result "1-0"]
[WhiteElo "2340"]
[BlackElo "2130"]
[PlyCount "59"]
[EventDate "2005.05.01"]
[SourceDate "2004.09.21"]

1. e4 e6 2. d4 d5 3. Nc3 Bb4 4. e5 Qd7 5. Qg4 f5 6. Qg3 b6 7. Nh3 Ba6 8. Bxa6
Nxa6 9. Nf4 Bf8 10. Bd2 Nb4 11. Rc1 O-O-O 12. O-O Nc6 13. Nce2 Nge7 14. c4 Kb7
15. Rc2 Rc8 16. Rfc1 dxc4 17. Rxc4 Nd8 18. a4 a6 19. h4 Rg8 20. Qb3 Ka7 21. Be3
Nd5 22. R4c2 Be7 23. Nxd5 exd5 24. Nf4 Bxh4 25. Nxd5 Ne6 26. Nxc7 Nxc7 27. Qxg8
Rxg8 28. Rxc7+ Qxc7 29. Rxc7+ Kb8 30. Rf7 1-0

[Event "4NCL/Div2/BRI2 vs. MIN1"]
[Site "West Bromwich ENG"]
[Date "2005.05.01"]
[Round "10.3"]
[White "Sasot Samplon, Eloy"]
[Black "McFarland, Robert S"]
[Result "1/2-1/2"]
[WhiteElo "2141"]
[BlackElo "2282"]
[PlyCount "24"]
[EventDate "2005.05.01"]
[SourceDate "2004.09.21"]

1. d4 g6 2. c4 Bg7 3. Nc3 d6 4. e4 Nf6 5. f3 O-O 6. Be3 Nbd7 7. Qd2 c5 8. Nge2
a6 9. a4 Qa5 10. Nd5 Qxd2+ 11. Kxd2 Nxd5 12. exd5 b6 1/2-1/2

[Event "4NCL/Div2/BRI2 vs. MIN1"]
[Site "West Bromwich ENG"]
[Date "2005.05.01"]
[Round "10.4"]
[White "Bae, Torstein"]
[Black "Curtis, John"]
[Result "1-0"]
[WhiteElo "2273"]
[BlackElo "2126"]
[PlyCount "97"]
[EventDate "2005.05.01"]
[SourceDate "2004.09.21"]

1. e4 d6 2. d4 Nf6 3. f3 e5 4. dxe5 dxe5 5. Qxd8+ Kxd8 6. Bc4 Be6 7. Bxe6 fxe6
8. Nh3 Bc5 9. Nf2 Bxf2+ 10. Kxf2 Nc6 11. Be3 Ke7 12. Nd2 Rhd8 13. a4 Rd7 14.
Nc4 Rad8 15. b4 Rd4 16. Bxd4 Rxd4 17. Ne3 Nxb4 18. Rhb1 b6 19. Ke2 Nc6 20. c3
Rd8 21. Nc4 a5 22. Nb2 Rf8 23. Nd3 Nd7 24. g3 Rf6 25. Rg1 Rh6 26. h4 Rf6 27.
Rg2 Kd6 28. Rd1 Ke7 29. Ke3 Rf7 30. Rgd2 Nf6 31. c4 Nd7 32. Nb4 Nd4 33. Nc6+
Kd6 34. Nxd4 exd4+ 35. Rxd4+ Kc6 36. Ra1 Nc5 37. Rd8 Nd7 38. f4 Kc5 39. Re8 Kb4
40. Rxe6 Nc5 41. Re5 Kxc4 42. Rd5 Kb3 43. e5 Kb2 44. Rad1 h5 45. R5d4 Kb3 46.
Rb1+ Ka2 47. Rf1 g6 48. Rg1 Ne6 49. Rd3 1-0

[Event "4NCL/Div2/BRI2 vs. MIN1"]
[Site "West Bromwich ENG"]
[Date "2005.05.01"]
[Round "10.5"]
[White "Chaplin, Peter"]
[Black "Kelly, Paul J (res)"]
[Result "1-0"]
[WhiteElo "2051"]
[BlackElo "1950"]
[PlyCount "37"]
[EventDate "2005.05.01"]
[SourceDate "2004.09.21"]

1. Nc3 g6 2. h4 Nf6 3. e4 d6 4. d4 Bg7 5. Be2 a6 6. h5 Nxh5 7. Bxh5 gxh5 8. Be3
b5 9. Qxh5 Qd7 10. Rh3 Nc6 11. Rg3 Bxd4 12. Bxd4 Nxd4 13. Qxh7 Rf8 14. O-O-O c5
15. Nd5 Rb8 16. Rxd4 cxd4 17. Rg8 Qg4 18. Rxg4 Bxg4 19. Qh4 1-0

[Event "4NCL/Div2/BRI2 vs. MIN1"]
[Site "West Bromwich ENG"]
[Date "2005.05.01"]
[Round "10.6"]
[White "Richards, Heather"]
[Black "Easton, Alex"]
[Result "1/2-1/2"]
[WhiteElo "2183"]
[BlackElo "2103"]
[PlyCount "96"]
[EventDate "2005.05.01"]
[SourceDate "2004.09.21"]

1. e4 e6 2. d4 d5 3. Nc3 Bb4 4. e5 c5 5. Bd2 Ne7 6. f4 O-O 7. Nf3 Nbc6 8. Bd3
f6 9. exf6 Rxf6 10. dxc5 Bxc5 11. Qe2 Bd7 12. O-O-O Nb4 13. g4 Nxd3+ 14. Qxd3
Qc7 15. Ng5 Ng6 16. f5 Nf4 17. Qf3 Bd6 18. Rdf1 h6 19. h4 exf5 20. Nxd5 Nxd5
21. Qxd5+ Kh8 22. Nf7+ Kh7 23. Nxd6 Qxd6 24. Qxd6 Rxd6 25. gxf5 Rf6 26. Bc3
Rxf5 27. Rxf5 Bxf5 28. Rg1 Rg8 29. a4 Be4 30. b4 a6 31. Kb2 Bc6 32. Kb3 g5 33.
hxg5 Rxg5 34. Rxg5 hxg5 35. Be5 Kg6 36. a5 Kf5 37. Bh2 Ke6 38. Kc4 Kd7 39. Kc5
g4 40. c4 Bf3 41. Kb6 Kc8 42. b5 axb5 43. cxb5 Kd7 44. Bg3 Ke6 45. Kc7 Kf5 46.
Bh2 Bg2 47. Bg3 Bf3 48. Bh2 Bg2 1/2-1/2

[Event "4NCL/Div2/BRI2 vs. MIN1"]
[Site "West Bromwich ENG"]
[Date "2005.05.01"]
[Round "10.7"]
[White "Fish, Jonathan M"]
[Black "Muter, Donny"]
[Result "1-0"]
[WhiteElo "2022"]
[BlackElo "2118"]
[PlyCount "55"]
[EventDate "2005.05.01"]
[SourceDate "2004.09.21"]

1. e4 d6 2. d4 Nf6 3. Nc3 c6 4. Nge2 b5 5. Ng3 e5 6. a3 Be7 7. d5 a6 8. dxc6
Nxc6 9. a4 b4 10. Nd5 Nxd5 11. Qxd5 Qc7 12. Be3 Be6 13. Qd2 O-O 14. Be2 Rfd8
15. a5 Nxa5 16. Qxb4 Nc6 17. Qa4 d5 18. exd5 Bxd5 19. O-O Rab8 20. c4 Be6 21.
Qc2 Nb4 22. Qc3 f5 23. f4 Bf6 24. Nh5 Rf8 25. Nxf6+ gxf6 26. Rf3 a5 27. fxe5
fxe5 28. Rg3+ 1-0

[Event "4NCL/Div2/BRI2 vs. MIN1"]
[Site "West Bromwich ENG"]
[Date "2005.05.01"]
[Round "10.8"]
[White "Horton, Justin"]
[Black "Mihajlova, Diana"]
[Result "1-0"]
[WhiteElo "2096"]
[BlackElo "1850"]
[PlyCount "67"]
[EventDate "2005.05.01"]
[SourceDate "2004.09.21"]

1. Nf3 d5 2. c4 Nf6 3. cxd5 e5 4. dxe6 Bxe6 5. e3 Nc6 6. Nc3 a6 7. Be2 b5 8.
O-O g6 9. b3 Bg7 10. Bb2 Bf5 11. d4 Nb4 12. Qd2 O-O 13. e4 Bg4 14. h3 Bxf3 15.
Bxf3 Rb8 16. Rfd1 Qe7 17. a3 Nc6 18. e5 Nxe5 19. dxe5 Qxe5 20. Nd5 Ne4 21. Bxe5
Nxd2 22. Rxd2 Bxe5 23. Re1 Rfe8 24. Rde2 Bh2+ 25. Kxh2 Rxe2 26. Rxe2 Kg7 27.
Rc2 b4 28. a4 Re8 29. Rxc7 Re1 30. Ne3 Rb1 31. Bd5 Kf6 32. Ng4+ Kg5 33. Rxf7 h5
34. f4+ 1-0

[Event "4NCL/Div2/SLOS1 vs. WWKS1"]
[Site "West Bromwich ENG"]
[Date "2005.05.01"]
[Round "10.1"]
[White "Jones, Gawain C B"]
[Black "Wu, Li"]
[Result "1-0"]
[WhiteElo "2439"]
[BlackElo "2262"]
[PlyCount "43"]
[EventDate "2005.05.01"]
[SourceDate "2004.09.21"]

1. e4 c5 2. Nf3 d6 3. c3 Nf6 4. Be2 Bg4 5. d3 Nc6 6. Nbd2 e6 7. Nf1 Be7 8. Ng3
O-O 9. O-O Nd7 10. d4 cxd4 11. cxd4 d5 12. exd5 exd5 13. h3 Be6 14. Bd3 Nb6 15.
Re1 Re8 16. Ne5 Nxd4 17. Qh5 h6 18. Bxh6 Bf6 19. Bd2 Bxe5 20. Qh7+ Kf8 21. Rxe5
Nc6 22. Nf5 1-0

[Event "4NCL/Div2/SLOS1 vs. WWKS1"]
[Site "West Bromwich ENG"]
[Date "2005.05.01"]
[Round "10.2"]
[White "Shephard, Chris C W"]
[Black "Aagaard, Jacob"]
[Result "1/2-1/2"]
[WhiteElo "2275"]
[BlackElo "2451"]
[PlyCount "71"]
[EventDate "2005.05.01"]
[SourceDate "2004.09.21"]

1. c4 c6 2. Nf3 d5 3. b3 Nf6 4. Bb2 e6 5. g3 a5 6. cxd5 exd5 7. a3 Bd6 8. Bg2
O-O 9. O-O Re8 10. Re1 Bg4 11. d3 Nbd7 12. Nbd2 Bf8 13. Qc2 Bh5 14. Nf1 Qb6 15.
Bd4 Bc5 16. Bxc5 Nxc5 17. N1d2 Red8 18. Rac1 Ne6 19. h3 h6 20. Qc3 Bg6 21. Qb2
Nd7 22. d4 Nf6 23. e3 Ne4 24. Nxe4 Bxe4 25. Nd2 Bxg2 26. Kxg2 Nc7 27. Qc2 Nb5
28. Ra1 Nd6 29. Rec1 Qc7 30. Qd3 h5 31. h4 g6 32. Rc5 Nf5 33. Nf1 Nd6 34. Nd2
Nf5 35. Nf1 Nd6 36. Nd2 1/2-1/2

[Event "4NCL/Div2/SLOS1 vs. WWKS1"]
[Site "West Bromwich ENG"]
[Date "2005.05.01"]
[Round "10.3"]
[White "Pert, Nicholas"]
[Black "Mason, Don"]
[Result "1-0"]
[WhiteElo "2498"]
[BlackElo "2255"]
[PlyCount "73"]
[EventDate "2005.05.01"]
[SourceDate "2004.09.21"]

1. d4 e6 2. e4 d5 3. Nd2 Nf6 4. e5 Nfd7 5. Bd3 c5 6. c3 Nc6 7. Ngf3 Be7 8. O-O
cxd4 9. cxd4 a5 10. Re1 g5 11. h3 h5 12. Nf1 Nf8 13. Be3 Ng6 14. a3 Bd7 15.
Bxg6 fxg6 16. Qd3 Kf7 17. Qd2 g4 18. hxg4 hxg4 19. N3h2 a4 20. Nxg4 Rh4 21. Qe2
Qh8 22. Ng3 Rf8 23. Rad1 Na5 24. Bd2 Nc4 25. Bb4 Bxb4 26. axb4 Nxb2 27. Nf6
Nxd1 28. Nxd7 Rd8 29. Nf6 Nc3 30. Qf3 Nb5 31. Nxd5+ Ke8 32. Nf6+ Kf8 33. Nfe4+
Ke7 34. Ng5 Rd7 35. Qf7+ Kd8 36. Nxe6+ Kc8 37. Rc1+ 1-0

[Event "4NCL/Div2/SLOS1 vs. WWKS1"]
[Site "West Bromwich ENG"]
[Date "2005.05.01"]
[Round "10.4"]
[White "Hynes, Anthony"]
[Black "Gwaze, Robert"]
[Result "1/2-1/2"]
[WhiteElo "2247"]
[BlackElo "2409"]
[PlyCount "127"]
[EventDate "2005.05.01"]
[SourceDate "2004.09.21"]

1. e4 c5 2. Nf3 d6 3. d4 cxd4 4. Nxd4 Nf6 5. Nc3 a6 6. Bg5 e6 7. f4 Nbd7 8. Qf3
Qc7 9. O-O-O b5 10. Bxf6 Nxf6 11. e5 Bb7 12. Qe3 Nd5 13. Nxd5 Bxd5 14. Nxe6
Bxe6 15. f5 Rc8 16. Bd3 Qc5 17. Qxc5 Rxc5 18. fxe6 Rxe5 19. exf7+ Kxf7 20.
Rhf1+ Ke6 21. Rf3 Be7 22. Rdf1 Bf6 23. Bf5+ Ke7 24. Bd3 d5 25. Rf5 Rxf5 26.
Rxf5 Kd6 27. c3 Rb8 28. Kc2 h6 29. Be2 a5 30. h3 Be5 31. Rf7 d4 32. cxd4 Bxd4
33. b3 a4 34. Kd3 Bf6 35. Ra7 axb3 36. axb3 Kc5 37. Bf3 Rd8+ 38. Ke4 Rd4+ 39.
Ke3 Bg5+ 40. Ke2 Rd2+ 41. Ke1 Rb2 42. Rc7+ Kd4 43. Rxg7 Rxb3 44. Rd7+ Ke3 45.
Kd1 Rc3 46. h4 Bxh4 47. Rb7 Rc5 48. Rb6 Bg5 49. Rc6 Re5 50. Kc2 Kd4 51. Kb3 Be7
52. Rxh6 Re3+ 53. Kb2 b4 54. Rg6 Kc4 55. Rc6+ Kb5 56. Rg6 Bc5 57. Rg4 Bd6 58.
Re4 Be5+ 59. Kc1 Rc3+ 60. Kb1 Rb3+ 61. Kc2 Rb2+ 62. Kc1 Bc3 63. Re2 Rb3 64. Bd5
1/2-1/2

[Event "4NCL/Div2/SLOS1 vs. WWKS1"]
[Site "West Bromwich ENG"]
[Date "2005.05.01"]
[Round "10.5"]
[White "Muir, Andrew J"]
[Black "Thomas, Nicholas"]
[Result "0-1"]
[WhiteElo "2322"]
[BlackElo "2216"]
[PlyCount "124"]
[EventDate "2005.05.01"]
[SourceDate "2004.09.21"]

1. d4 e6 2. c4 Nf6 3. Nc3 Bb4 4. e3 O-O 5. Bd3 d5 6. Nf3 c5 7. O-O Nc6 8. a3
Bxc3 9. bxc3 dxc4 10. Bxc4 Qc7 11. Ba2 e5 12. h3 b6 13. d5 e4 14. dxc6 exf3 15.
Qxf3 Ba6 16. Re1 Rae8 17. Bb2 Bb5 18. c4 Bxc6 19. Qf5 Be4 20. Qg5 Re6 21. f3 h6
22. Qh4 Bh7 23. e4 Rd8 24. Rad1 Rxd1 25. Rxd1 Rd6 26. Qe1 Rxd1 27. Qxd1 Qd7 28.
Qxd7 Nxd7 29. Kf2 f6 30. Ke3 Kf8 31. f4 Bg8 32. e5 b5 33. Bb1 Nb6 34. Bd3 Bxc4
35. exf6 gxf6 36. Be4 Ke7 37. Bc6 a6 38. Ke4 Kd6 39. Be8 Bd5+ 40. Kf5 Bxg2 41.
Bxf6 Bxh3+ 42. Kg6 Bd7 43. Bf7 Be6 44. Be8 Nd5 45. Be5+ Ke7 46. Bc6 Ne3 47. Bc7
Bd5 48. Bb6 Kd6 49. Be8 Be4+ 50. Kxh6 Nd5 51. Ba7 c4 52. Kg5 c3 53. Bd4 c2 54.
Bb2 Nc3 55. Bg6 Bxg6 56. Kxg6 Ne2 57. f5 c1=Q 58. Bxc1 Nxc1 59. f6 Nd3 60. f7
Ne5+ 61. Kg7 Nxf7 62. Kxf7 a5 0-1

[Event "4NCL/Div2/SLOS1 vs. WWKS1"]
[Site "West Bromwich ENG"]
[Date "2005.05.01"]
[Round "10.6"]
[White "Hunt, Malcolm A"]
[Black "Gourlay, Iain"]
[Result "0-1"]
[WhiteElo "2143"]
[BlackElo "2316"]
[PlyCount "128"]
[EventDate "2005.05.01"]
[SourceDate "2004.09.21"]

1. d4 Nf6 2. Nf3 c5 3. c3 e6 4. Bg5 h6 5. Bxf6 Qxf6 6. Nbd2 d5 7. e4 cxd4 8. e5
Qd8 9. Nxd4 Nc6 10. N2f3 Qc7 11. Nxc6 bxc6 12. Bd3 Rb8 13. Qe2 Be7 14. O-O O-O
15. Rac1 Qb6 16. b3 a5 17. Bb1 c5 18. Qc2 g6 19. h4 h5 20. Qd2 Kg7 21. Qf4 Bd7
22. Ng5 a4 23. bxa4 Qa5 24. Rfe1 Qxa4 25. c4 Rb4 26. Bd3 dxc4 27. Rxc4 Qxa2 28.
Rxb4 cxb4 29. Ne4 Qd5 30. Re3 Bc6 31. Rg3 Qd4 32. Nf6 Qxf4 33. Nxh5+ Kg8 34.
Nxf4 Bxh4 35. Rg4 Be7 36. Bxg6 fxg6 37. Nxg6 Kf7 38. Nxe7 Kxe7 39. Rxb4 Rf5 40.
f4 Rf8 41. Kf2 Rg8 42. g3 Rg4 43. Rb6 Bd5 44. Rd6 Be4 45. Rd4 Bf5 46. Kf3 Rg8
47. Ra4 Bg4+ 48. Kg2 Kf7 49. Ra7+ Kg6 50. Ra3 Kf5 51. Ra4 Rd8 52. Ra2 Ke4 53.
Kf2 Rd4 54. Rb2 Rc4 55. Rd2 Rc3 56. Ra2 Kd3 57. Ra7 Rc2+ 58. Kg1 Ke3 59. Ra3+
Ke4 60. Ra4+ Kf5 61. Ra3 Bh3 62. Kh1 Kg4 63. Rb3 Bg2+ 64. Kg1 Bf3 0-1

[Event "4NCL/Div2/SLOS1 vs. WWKS1"]
[Site "West Bromwich ENG"]
[Date "2005.05.01"]
[Round "10.7"]
[White "Weber, Tom"]
[Black "Pitcher, John"]
[Result "1-0"]
[WhiteElo "2211"]
[BlackElo "2180"]
[PlyCount "59"]
[EventDate "2005.05.01"]
[SourceDate "2004.09.21"]

1. e4 c5 2. c3 b6 3. d4 Bb7 4. f3 e6 5. Bd3 Nf6 6. Ne2 Nc6 7. a3 Be7 8. b4 Rc8
9. O-O O-O 10. Be3 d6 11. Nd2 cxd4 12. cxd4 Rc7 13. Qe1 Qa8 14. Qg3 Rfc8 15.
Qh3 g6 16. g4 Nd7 17. f4 Nd8 18. g5 f5 19. gxf6 Nxf6 20. f5 exf5 21. exf5 g5
22. Bxg5 Nf7 23. Be3 Bf8 24. Kf2 Bg7 25. Rg1 h5 26. Qh4 Ng4+ 27. Rxg4 hxg4 28.
Rg1 Bf3 29. f6 Bxe2 30. Qh7+ 1-0

[Event "4NCL/Div2/SLOS1 vs. WWKS1"]
[Site "West Bromwich ENG"]
[Date "2005.05.01"]
[Round "10.8"]
[White "Chevannes, Sabrina"]
[Black "Barraclough, Stephanie"]
[Result "1-0"]
[WhiteElo "2089"]
[BlackElo "1922"]
[PlyCount "85"]
[EventDate "2005.05.01"]
[SourceDate "2004.09.21"]

1. d4 d6 2. Nc3 c6 3. h3 Nf6 4. Nf3 Bf5 5. Nh4 Bc8 6. e4 Nbd7 7. Nf3 e5 8. Be3
Be7 9. Be2 Qc7 10. O-O O-O 11. a4 Rd8 12. Nd2 exd4 13. Bxd4 d5 14. exd5 Nxd5
15. Nxd5 cxd5 16. Bd3 Bc5 17. Nb3 Bxd4 18. Nxd4 a6 19. c3 Ne5 20. Bc2 Nc6 21.
Re1 Nxd4 22. Qxd4 Be6 23. Bd3 Rac8 24. Re3 Qc5 25. Qh4 g6 26. Re5 Qb6 27. Rae1
Rd6 28. R1e2 Qd8 29. Qg3 Qd7 30. h4 Qxa4 31. h5 Qg4 32. hxg6 Qxg3 33. gxh7+ Kh8
34. fxg3 Rcc6 35. Rg5 f5 36. Rh5 Bf7 37. Rxf5 Bg6 38. Re8+ Kxh7 39. Re7+ Kh6
40. Rf4 Rf6 41. Rh4+ Bh5 42. Re5 Kg7 43. Rhxh5 1-0